000 00611nam a22001817a 4500
999 _c189829
_d189829
005 20220713150104.0
010 _aENG-133520
020 _a9789386191953
_c250.00
035 _aEN-117052
037 _bDBAD/PUB
082 _aN
100 _aAbrams Carlotta Ladyizumi
245 _aThe Marrakech Express
_c Carlotta Ladyizumi Abrams
260 _aNew Delhi
_bLifi Publication PVT. LTD.
_c2019
270 _a211, 2nd Floor, Gagandeep 12, Rajendra Place,
_bNew Delhi
_e110008
_k(011) 2574 1000
_minfo@lifipublications.com
300 _aviii; 200p.
_c20cm(pbk)
942 _2ddc
_cEN
_mN
_hABR